Normal view
MARC view
- المغربي، محمد الفاتح محمود بشير
Entry Personal Name
001 - CONTROL NUMBER
- control field: 51763
003 - CONTROL NUMBER IDENTIFIER
- control field: JO-AjAnu
005 - DATE AND TIME OF LATEST TRANSACTION
- control field: 20230606082520.0
008 - FIXED-LENGTH DATA ELEMENTS
- fixed length control field: 230606|| aca||aabn | a|a d
040 ## - CATALOGING SOURCE
- Original cataloging agency: JO-AjAnu
- Transcribing agency: JO-AjAnu
100 ## - HEADING--PERSONAL NAME
- Personal name: المغربي، محمد الفاتح محمود بشير
670 ## - SOURCE DATA FOUND
- Source citation: Work cat.: (JO-AjAnu)26458: المغربي، محمد الفاتح محمود بشير, author, تسويق خدمات السياحة = Tourism Marketing Services